[Event "Yerevan op 2nd"]
[Site "Yerevan"]
[Date "2017.09.25"]
[Round "7"]
[White "Gevorgyan, Maria"]
[Black "Boyajyan, Hayk"]
[Result "1-0"]
[WhiteElo "2294"]
[BlackElo "1848"]
[PlyCount "105"]
[EventDate "2017.09.19"]
[EventType "swiss"]
[EventRounds "9"]
[EventCountry "ARM"]
[SourceTitle "EXT 2018"]
[Source "ChessBase"]
[SourceDate "2017.10.13"]
[SourceVersion "1"]
[SourceVersionDate "2017.10.13"]
[SourceQuality "1"]

1. e4 c5 2. Nc3 d6 3. g3 g6 4. Bg2 Bg7 5. d3 Nc6 6. Nge2 Rb8 7. Be3 b5 8. Qd2 b4 9. Nd1 Qb6 10. 0-0 e6 11. h3 Nge7 12. Bh6 0-0 13. Bxg7 Kxg7 14. Ne3 Ba6 15. Ng4 f5 16. Ne3 Nd4 17. f3 Nxe2+ 18. Qxe2 f4 19. gxf4 Rxf4 20. Rf2 Nc6 21. Bh1 Rbf8 22. Qd2 Rh4 23. Ng2 Rh6 24. Kh2 Ne5 25. Ne3 Qd8 26. f4 Qh4 27. Kg1 Nc6 28. Bg2 Bc8 29. Raf1 Ne7 30. Rf3 Rh5 31. Qe2 d5 32. c3 bxc3 33. bxc3 Qf6 34. Qc2 Ba6 35. R1f2 c4 36. Qa4 Bb7 37. Qxa7 dxe4 38. Rg3 Rb5 39. dxe4 Ra8 40. Qd4 Qxd4 41. cxd4 c3 42. Nc4 Rb1+ 43. Kh2 Rc1 44. Nd6 Ba6 45. f5 Rf8 46. f6+ Rxf6 47. Ne8+ Kf7 48. Nxf6 c2 49. Rc3 Bd3 50. Nd7+ Ke8 51. Nf6+ Kf7 52. Nd5+ Ke8 53. Nb4 1-0